| 000 | 00797nam a2200229Ia 4500 | ||
|---|---|---|---|
| 001 | 15293 | ||
| 003 | GE_BSU | ||
| 008 | 181216s||||||||xx |||||||||||||| ||und|| | ||
| 040 | _cGE_BSU | ||
| 080 | _a821.353.1-2 | ||
| 100 | _aშანშიაშვილი,სანდრო | ||
| 245 | _aხევისბერი გოჩა. დრამა. პოემა | ||
| 245 | _bა.ყაზბეგის მოთხრობების მიხედვით | ||
| 245 | _cრედ.დ.ბენაშვილი | ||
| 260 | _aთბილისი | ||
| 260 | _bსაბჭოთა მწერალი | ||
| 260 | _c1945 | ||
| 300 | _a52გვ.18სმ. | ||
| 653 | _aდრამა. პოემა | ||
| 653 | _aხევისბერი გოჩა | ||
| 942 | _cBK | ||
| 999 |
_c48402 _d48402 |
||